书目信息 |
| 题名: |
能见度测量技术100问
|
|
| 作者: | 李春亮 编著 | |
| 分册: | ||
| 出版信息: | 北京 气象出版社 2009.04 |
|
| 页数: | 178页 | |
| 开本: | 21cm | |
| 丛书名: | ||
| 单 册: | ||
| 中图分类: | P412.17 | |
| 科图分类: | ||
| 主题词: | 能见度--气象观测--问答 | |
| 电子资源: | ||
| ISBN: | 978-7-5029-4655-5 | |
| 000 | 00881nam0 2200241 450 | |
| 001 | 004231638 | |
| 005 | 20100813091904.98 | |
| 010 | @a978-7-5029-4655-5@dCNY16.00 | |
| 090 | @aP41@blcl | |
| 100 | @a20100515d2009 em y0chiy50 ea | |
| 101 | 0 | @achi |
| 102 | @aCN@b110000 | |
| 105 | @aa z 001yy | |
| 200 | 1 | @a能见度测量技术100问@Aneng jian du ce liang ji shu 100 wen@f李春亮 … [等] 编著@Fli chun liang…[deng]bian zhu |
| 210 | @a北京@c气象出版社@d2009.04 | |
| 215 | @a178页@c图@d21cm | |
| 304 | @a编著还有:曲来世、张勇、王政、王平、沙广军等 | |
| 330 | @a本书共十章,内容包括:大气光学理论、能见度测量基础、能见度测量仪器、能见度仪的测量范围和精度、能见度仪的标定和校准、能见度仪的光学系统、能见度仪的电子部件等。 | |
| 606 | 0 | @a能见度@x气象观测@x问答 |
| 690 | @aP412.17@v4 | |
| 701 | 0 | @a李春亮@Ali chun liang@4编著 |
| 801 | 0 | @c20100515 |
| 905 | @dP412.17@eL130@f5 | |
| 能见度测量技术100问/李春亮 … [等] 编著.-北京:气象出版社,2009.04 |
| 178页:图;21cm |
| ISBN 978-7-5029-4655-5:CNY16.00 |
| 本书共十章,内容包括:大气光学理论、能见度测量基础、能见度测量仪器、能见度仪的测量范围和精度、能见度仪的标定和校准、能见度仪的光学系统、能见度仪的电子部件等。 |
| ● |
| 相关链接 |
|
|
|
正题名:能见度测量技术100问
索取号:P412.17/L130
 
预约/预借
| 序号 | 登录号 | 条形码 | 馆藏地/架位号 | 状态 | 备注 |
| 1 | 1028296 | 210282969 | 社科二线400B/401自科库 122排2列5层/ [索取号:P412.17/L130] | 在馆 | |
| 2 | 1028297 | 210282978 | 社科二线400B/400B社科库 9排4列3层/ [索取号:P412.17/L130] | 在馆 | |
| 3 | 1028298 | 210282987 | 社科二线400B/400B社科库 1排1列2层/ [索取号:P412.17/L130] | 在馆 | |
| 4 | 1028299 | 210282996 | 期刊室512/401自科库 121排2列6层/ [索取号:P412.17/L130] | 在馆 | |
| 5 | 1028300 | 210283003 | 自科库401/401自科库 127排2列5层/ [索取号:P412.17/L130] | 在馆 |